000
00372nam a2200169Ia 4500
005
20251020182601.0
008
200515s9999 xx 000 0 und d
082
_a
SC/331-0553.7/M42
110
_a
OIT
245
0
_a
El trabajo de los niƱos
260
_a
Ginebra
260
_c
1980
300
_a
179
650
_a
PUB OIT
650
_a
TRABAJO INFANTIL
942
_c
LIB
999
_c
3040
_d
3040